000 00564nam a22002297a 4500
003 UA-OsUOA
001 97239
007 ta
008 20130327b un ||||| |||| 00| 0 ukr d
100 _aНизами
090 _a821.521.166
_bН61
942 _cBK
040 _aUA-OsUOA
_brus
_cUA-OsUOA
_dUA-OsUOA
245 _aИзбранное
300 _a128 с.
955 _a3
041 _arus
080 _a821.521.166
260 _aТашкент
_c1982
650 7 _a82 Література. Літературознавство
_2UDC
999 _c383489
_d383489